Poesías Selectas

Guardado en:
Bibliografiske detaljer
Hovedforfatter: Chocano, José Santos
Format: Bog
Sprog:Undetermined
Udgivet: París, Francia Librería de la Vda. de C. Bouret 1935
Fag:
Tags: Tilføj Tag
Ingen Tags, Vær først til at tagge denne postø!

MARC

LEADER 00000nam a2200000Ia 4500
008 170316s9999 xx 000 0 und d
040 |a cru BVZT 
090 |a 860 CH-6p 
100 |a Chocano, José Santos 
245 |a Poesías Selectas 
260 |a París, Francia 
260 |b Librería de la Vda. de C. Bouret 
260 |c 1935 
300 |a 143 páginas 
650 |a LITERATURA LATINOAMERICANA 
650 |a POESÍA 
999 |c 8586  |d 8586 
942 |c 15 D  |h 860 CH-6p  |2 z